BIBLIOTHÈQUE DE LA MAISON DU MEXIQUE

Logo 1 Logo 2

Sadismo en la enseñanza (notice nᵒ 12314)

détails MARC
000 -Sello discográfico
campo de control de longitud fija 00742nam a2200277 4500
005 - Identificación de versión
campo de control 20251016084547.0
035 ## - Otros números de control del sistema
Número de control del sistema 14775
099 ## - fechas locales
Tipo de ítem Koha LIBRO
100 ## - Datos de procesamiento general
Datos de procesamiento general 19930801d1979 m y1spay5003 ba
105 ## - Campo de datos codificados: Material textual, monográfico
Datos codificados de monografía y 001zy
200 1# - Título y mención de responsabilidad
Título propio Sadismo en la enseñanza
Designación general del material texto impreso
Primer mención de responsabilidad Julio Aray
210 ## - Publicación, distribución, etc.
Lugar de publicación, distribución, etc. Caracas
Nombre del editor, distribuidor, etc. Monte Avila Editores
Fecha de publicación, distribución, etc. 1979
215 ## - Descripción física
Designación de material específico y extensión del ítem 364 p
Dimensiones 17 cm
345 ## - Nota de información de adquisición
Fuente de adquisición/dirección de la suscripción [OBSOLETO] Donación
410 #1 - Series
Título Colección Estudios
606 ## - Término temático usado como materia
Elemento de entrada Sadismo
Número Koha 18958
606 ## - Término temático usado como materia
Elemento de entrada Violencia
Número Koha 11446
700 ## - Nombre personal - Responsabilidad primaria
Elemento de entrada Aray
Parte del nombre distinta del elemento de entrada Julio
Fechas 1935-
Número Koha 18959
801 #0 - Fuente de origen
Agencia cm
900 ## -
-- 1/9096
900 ## -
-- 710934756\\010893
942 ## - ELEMENTOS DE ENTRADA SECUNDARIOS (KOHA)
Tipo de ítem Koha Livre
996 ## -
-- MEX
-- 751145101
-- MMAG
-- 005008
-- 157.7 A658S
-- 20210604LIV
Exemplaires
Estatus retirado Estado de daño Estado de pérdida Fecha de adquisición Biblioteca de origen Biblioteca actual Ubicación en estantería Código de barras Precio de reemplazo Signatura topográfica completa No para préstamo Tipo de ítem Koha Nota pública Nota no pública
      05/08/2025 Casa México Paris Casa México Paris   005008 05/08/2025 157.7 A658S   Livre 20210604LIV 751145101